000
00288nam a2200145Ia 4500
100
_a
Laxman/R.K
650
_a
Fiction
942
_c
BK
366
_f
17.5
245
_a
The Distorted Mirror
260
_b
Penquin books
082
_a
808.83/LAX
_b
LAX
546
_a
ENGLISH
999
_c
23076
_d
23076